| 000 | 00495nam a22001817a 4500 | ||
|---|---|---|---|
| 003 | NUST - PNEC | ||
| 005 | 20170116180807.0 | ||
| 008 | 150423b xxu||||| |||| 00| 0 eng d | ||
| 020 | _a- | ||
| 040 | _cLIBRARY | ||
| 082 | _a923.154 MUB | ||
| 100 |
_93105 _aMubarak Ali |
||
| 245 |
_aQuaid-e-Azam : kia they kia nahen they _cDr Mubarak Ali |
||
| 260 |
_aLahore : _bTarekh Publications _cc2014. |
||
| 300 | _a128 p. : | ||
| 650 |
_93081 _aPakistan, History _xGeneral, History |
||
| 942 |
_2ddc _cBK |
||
| 999 |
_c63238 _d63238 |
||